| 000 | 00500nam a2200145 i 4500 | ||
|---|---|---|---|
| 001 | 59946 | ||
| 003 | ES-MaACL | ||
| 007 | t| | ||
| 008 | 031031s1954 sp ||||1| spa d | ||
| 100 | 1 |
_aEscalas Real, Jaime. _947476 |
|
| 245 | 1 | 0 |
_aAquella ciudad de Palma _b: evocación gráfica de la ciudad de últimos del S. XIX y primeros del XX / _cJaime Escalas Real. |
| 260 |
_aPalma : _b[s.n., _c1954] ( _fImp. Mossen Alcover) |
||
| 300 |
_a190 p., 78 lám. : _b25 cm. |
||
| 852 |
_aES-MaACL _jC-9195 _bR.37123 |
||
| 999 |
_c59946 _d59946 |
||